000 00244nmm a2200085Ia 4500
008 220120s9999||||xx |||||||||||||||||und||
100 _aACMSIGIR-2008
_911094
245 0 _a31st annual international ACMSIGIR conference suported by m
260 _c2008
999 _c139283
_d139283